000 00504nam a22001337a 4500
003 SGT
082 _a617.692
_bC14G
100 _aTANNU, GOYAL
245 _aCOMPARATIVE EVALUATION OF THE VERTICAL MARGINAL FIT WITH SHOULDER MARGIN IN PFM METAL COPINGS FABRICATED FROM DIRECT METAL LASER SINTERING VERSUS CONVENTIONAL LOST WAX TECHNIQUE USING TEREOMICROSCOPE (AN IN VITRO STUDY)
260 _aDELHI NCR
_bSGT UNIVERSITY GURUGRAM
_c2016
300 _a1-64
650 _aPROSTHODONTICS
942 _2ddc
_cTH
999 _c17131
_d17131